| 000 | 00558nam a2200145Ia 4500 | ||
|---|---|---|---|
| 008 | 181023s9999 xx 000 0 und d | ||
| 020 | _a9781119397533 | ||
| 100 | _aKouzes, James M. | ||
| 245 |
_cJames M. Kouzes, Barry Z. Posner, Elaine Biech.-- _aA Coach's guide to developing exemplary leaders : _bmaking the most of the leadership challenge and the LPI : leadership practices inventory / |
||
| 250 | _a2nd ed | ||
| 260 |
_aSan Francisco : _bJohn Wiley & Sons _c2017 |
||
| 300 | _avii, 248 pages. | ||
| 650 | _aExecutive coaching. | ||
| 650 | _aLeadership. | ||
| 999 |
_c359309 _d359309 |
||